| 000 | 00753cam a22002651 4500 | ||
|---|---|---|---|
| 001 | 9783132 | ||
| 003 | ARRUPE | ||
| 005 | 20140326170340.0 | ||
| 008 | 830111s1932 enkac 000 0 eng | ||
| 010 | _a 52048443 | ||
| 035 | _a(OCoLC)9120065 | ||
| 040 |
_aDLC _cMBU _dNN _dDLC |
||
| 042 | _apremarc | ||
| 043 | _af-ug--- | ||
| 050 | 0 | 0 |
_aDT434.U2 _bD3 |
| 082 | _a916.761 | ||
| 100 | 1 |
_aDay, Adela M. _99476 |
|
| 245 | 1 | 0 |
_aSunshine and rain in Uganda, _cwith a foreword by Lady Coryndon. |
| 250 | _a[1st ed. | ||
| 260 |
_aLondon] _bEast Africa _c[1932] |
||
| 300 |
_aviii, 160 p. _billus., port. _c19 cm. |
||
| 651 | 0 |
_aUganda _xDescription and travel. _99477 |
|
| 906 |
_a7 _bcbc _coclcrpl _du _encip _f19 _gy-gencatlg |
||
| 942 |
_2lcc _cREFERENCE |
||
| 999 |
_c120293 _d120293 |
||